| 000 | 00459pab a2200157 454500 | ||
|---|---|---|---|
| 008 | 180718b2006 xxu||||| |||| 00| 0 eng d | ||
| 100 | _aNagesh Kumar | ||
| 245 | _aInfrastructure availability, foreign direct investment inflows and their export-orientation: a cross-country exploration | ||
| 260 | _c2006 | ||
| 300 | _ap.125-44. | ||
| 362 | _aApr-Jun | ||
| 650 | _aForeign investment | ||
| 773 | _aIndian Economic Journal | ||
| 908 | _aN | ||
| 909 | _a78983 | ||
| 999 |
_c78983 _d78983 |
||